S2 Stationen + Ortsteile - Statistiken

Allgemein
  • Dieses Quiz wurde 7 mal gespielt
  • Das Durchschnittsergebnis liegt bei 47 aus 56
Antwortstatistiken
Antwort % Korrekt
Anhalter Bahnhof
100%
Attilastraße
100%
Bernau
100%
Bernau-Friedenstal
100%
Blankenfelde
100%
Bornholmer Straße
100%
Brandenburger Tor
100%
Buckower Chaussee
100%
Friedrichstraße
100%
Gesundbrunnen
100%
Humboldthain
100%
Lichtenrade
100%
Mahlow
100%
Nordbahnhof
100%
Oranienburger Straße
100%
Pankow
100%
Pankow-Heinersdorf
100%
Potsdamer Platz
100%
Priesterweg
100%
Röntgental
100%
Südkreuz
100%
Yorckstraße
100%
Bernau (Brandenburg)
75%
Bernau-Friedenstal (Brandenburg)
75%
Blankenburg
75%
Blankenburg
75%
Blankenfelde (Brandenburg)
75%
Buch
75%
Buch
75%
Gesundbrunnen
75%
Gesundbrunnen
75%
Gesundbrunnen / Prenzlauer Berg
75%
Karow
75%
Karow
75%
Kreuzberg
75%
Lichtenrade
75%
Mahlow (Brandenburg)
75%
Marienfelde
75%
Mitte
75%
Mitte
75%
Mitte
75%
Mitte
75%
Pankow
75%
Pankow / Heinersdorf
75%
Röntgental (Brandenburg)
75%
Schöneberg
75%
Schöneberg
75%
Schöneberg / Tempelhof
75%
Tempelhof / Steglitz
75%
Tiergarten / Mitte
75%
Zepernick
75%
Zepernick (Brandenburg)
75%
Lichtenrade / Marienfelde
50%
Marienfelde
50%
Marienfelde
50%
Schichauweg
50%
Keine übereinstimmenden Quizze gefunden
Verteilung der Resultate
Anzahl Personen mit jedem Resultat
Perzentil nach korrekt beantworteten Fragen
Ihre Resultats-Entwicklung
Sie haben dieses Quiz noch nicht gespielt